000 00230nam a2200097Ia 4500
001 659134
005 20250826154649.0
008 250824s9999 xx 000 0 und d
245 0 _aMARTI ISI HER DENEY BİR EĞLENCE
260 _bMARTI
999 _c659134
_d659134